[Event "Dhaka Chowdhury Memorial op-A 2nd"]
[Site "Dhaka"]
[Date "2022.07.02"]
[Round "1"]
[White "Md, Sharif Hossain"]
[Black "Hossain, Showkat Pollab"]
[Result "1-0"]
[WhiteElo "2133"]
[BlackElo "2005"]
[PlyCount "175"]
[EventDate "2022.07.02"]
[EventType "swiss"]
[EventRounds "8"]
[EventCountry "BAN"]
[SourceTitle "EXT 2023"]
[Source "ChessBase"]
[SourceDate "2022.10.05"]
[SourceVersion "1"]
[SourceVersionDate "2022.10.05"]
[SourceQuality "1"]

1. e4 d5 2. exd5 Qxd5 3. Nc3 Qa5 4. d4 Nf6 5. Nf3 Bf5 6. Bc4 e6 7. Bd2 c6 8. Ne4 Qc7 9. Ng3 Bg6 10. h4 Bd6 11. h5 Be4 12. Nxe4 Nxe4 13. Be3 h6 14. Qe2 Qa5+ 15. Kf1 Nd7 16. Bb3 0-0-0 17. Rh4 Nef6 18. Nd2 Qf5 19. Rc1 Nd5 20. Bxd5 exd5 21. Qg4 Qxg4 22. Rxg4 Rhg8 23. Rh4 f5 24. Bf4 Be7 25. Rh3 Nf6 26. Re1 Ne4 27. Nf3 Bg5 28. Be5 Rdf8 29. Nh4 Bxh4 30. Rxh4 Kd7 31. Bf4 Rf7 32. Rh3 Re8 33. f3 Nf6 34. Re5 Rxe5 35. Bxe5 Ke6 36. Kf2 c5 37. c3 b6 38. Rh1 Re7 39. Kg3 Nd7 40. Re1 Kf7 41. Kf4 g6 42. Rh1 Nf8 43. hxg6+ Kxg6 44. g4 Ne6+ 45. Kg3 fxg4 46. Kxg4 Rf7 47. f4 cxd4 48. cxd4 Ng7 49. Bxg7 Rxg7 50. Rh5 Rd7 51. Re5 Kf6 52. Kf3 Rd6 53. a3 Kg6 54. Kg4 Kf6 55. f5 b5 56. Kf4 Kf7 57. Re2 a5 58. Rc2 Rd7 59. Ke5 Re7+ 60. Kxd5 Kf6 61. Rc6+ Kxf5 62. Rxh6 Re2 63. b4 Ra2 64. Rh3 Rc2 65. Rf3+ Kg4 66. Rb3 Kf5 67. Kd6 Ke4 68. d5 Kd4 69. Rb1 axb4 70. axb4 Rc4 71. Ke6 Kc3 72. d6 Rd4 73. d7 Kc2 74. Ra1 Kc3 75. Ra6 Rxd7 76. Kxd7 Kxb4 77. Ra1 Kc3 78. Rc1+ Kb2 79. Rc8 b4 80. Kc6 b3 81. Kb5 Ka2 82. Kc4 b2 83. Ra8+ Kb1 84. Kb3 Kc1 85. Rc8+ Kb1 86. Rh8 Ka1 87. Ra8+ Kb1 88. Ra2 1-0

[Event "Dhaka Marcel op"]
[Site "Dhaka"]
[Date "2022.04.23"]
[Round "5"]
[White "Masum, Hossain"]
[Black "Md, Sharif Hossain"]
[Result "0-1"]
[WhiteElo "2047"]
[BlackElo "2162"]
[PlyCount "126"]
[EventDate "2022.04.19"]
[EventType "swiss"]
[EventRounds "9"]
[EventCountry "BAN"]
[SourceTitle "EXT 2023"]
[Source "ChessBase"]
[SourceDate "2022.10.05"]
[SourceVersion "1"]
[SourceVersionDate "2022.10.05"]
[SourceQuality "1"]

1. Nf3 d5 2. b3 Nf6 3. Bb2 e6 4. e3 Nbd7 5. d4 Bd6 6. c4 b6 7. Bd3 0-0 8. 0-0 Bb7 9. Ne5 Ne4 10. f3 Nec5 11. Bc2 Nxe5 12. dxe5 Be7 13. cxd5 exd5 14. b4 Ne6 15. Qd3 g6 16. f4 a5 17. f5 Ba6 18. b5 Nc5 19. Qd4 Bxb5 20. e6 f6 21. fxg6 Ne4 22. gxh7+ Kh8 23. Rf3 Be2 24. Bxe4 dxe4 25. Rf2 Bd3 26. Nd2 Kxh7 27. Qa4 Qd5 28. Rc1 c5 29. Rf4 b5 30. Rh4+ Kg6 31. Qd1 Rg8 32. Qg4+ Qg5 33. Qh3 f5 34. Rh7 Be2 35. Rf7 Bh5 36. Rf1 Rae8 37. R1xf5 Qg4 38. Nxe4 Qxh3 39. gxh3 Kh6+ 40. Ng3 Bg6 41. e4 Bg5 42. Rxg5 Kxg5 43. Bc1+ Kh4 44. Rf6 Kxh3 45. Be3 Bxe4 46. Rh6+ Kg4 47. Nxe4 Kf3+ 48. Kf1 Kxe3 49. Nf6 Rgf8 50. Kg2 Ra8 51. e7 Rfb8 52. Rh5 Kd4 53. Rd5+ Kc4 54. Re5 Re8 55. Kf3 b4 56. Ke4 a4 57. Nd7 Ra5 58. Nf6 Raa8 59. Nd7 Kc3 60. Kd5 c4 61. Nb6 Ra5+ 62. Kd6 Rxe5 63. Nxa4+ Kd4 0-1